The Food Speculator (Record no. 333311)
[ view plain ]
| 000 -LEADER | |
|---|---|
| fixed length control field | 00507nam a2200097Ia 4500 |
| 008 - FIXED-LENGTH DATA ELEMENTS--GENERAL INFORMATION | |
| fixed length control field | 170517s9999 xx 000 0 und d |
| 245 #4 - TITLE STATEMENT | |
| Title | The Food Speculator |
| 300 ## - PHYSICAL DESCRIPTION | |
| Extent | Assuming the role of a speculator, director Kees Brouwer tries to find out whether he is merely taking advantage of the opportunity offered to investors by the food scarcity, or that, through this abstract world of financial products, he... |
| 650 ## - SUBJECT ADDED ENTRY--TOPICAL TERM | |
| General subdivision | Business and Economics. |
| 856 ## - ELECTRONIC LOCATION AND ACCESS | |
| Uniform Resource Identifier | <a href="http://topdocumentaryfilms.com/food-speculator/">http://topdocumentaryfilms.com/food-speculator/</a> |
| Withdrawn status | Lost status | Damaged status | Home library | Current library | Date acquired | Total Checkouts | Date last seen | Price effective from | Koha item type |
|---|---|---|---|---|---|---|---|---|---|
| College Library | College Library | 05/17/2017 | 05/17/2017 | 05/17/2017 | Documentary Films |